[Event "EU-ch Online U18 Girls"]
[Site "Tornelo INT"]
[Date "2020.09.18"]
[Round "2"]
[White "Villanyi, Alexia"]
[Black "Westin, Nathalie"]
[Result "1-0"]
[WhiteElo "1654"]
[BlackElo "1309"]
[PlyCount "65"]
[EventDate "2020.09.18"]
[EventType "swiss (rapid)"]
[EventRounds "9"]
[EventCountry "ENG"]
[SourceTitle "CBM 198 Extra"]
[Source "ChessBase"]
[SourceDate "2020.11.30"]
[SourceVersion "1"]
[SourceVersionDate "2020.11.30"]
[SourceQuality "1"]

1. e4 e6 2. b3 d5 3. Bb2 c5 4. exd5 exd5 5. d4 Nc6 6. Nf3 Nf6 7. Bb5 Bg4 8. 0-0 Be7 9. dxc5 0-0 10. h3 Bh5 11. Nc3 d4 12. Na4 Ne5 13. Be2 Nxf3+ 14. Bxf3 Bxf3 15. Qxf3 Qd7 16. Rad1 Qb5 17. Bxd4 Nd7 18. Qg4 Bf6 19. Bxf6 Nxf6 20. Qf5 Rac8 21. Qd3 Qc6 22. Qd6 Qb5 23. c4 Qa5 24. Rfe1 Rc6 25. Qf4 Rc7 26. b4 Qxa4 27. Qxc7 Qxb4 28. Rb1 Qxc4 29. Rxb7 Qxa2 30. Rxa7 Qd2 31. Rea1 Re8 32. Qxf7+ Kh8 33. Qxg7# 1-0

[Event "EU-ch Online U18 Girls"]
[Site "Tornelo INT"]
[Date "2020.09.18"]
[Round "1"]
[White "Westin, Nathalie"]
[Black "Allahverdiyeva, Ayan"]
[Result "0-1"]
[WhiteElo "1309"]
[BlackElo "2088"]
[PlyCount "44"]
[EventDate "2020.09.18"]
[EventType "swiss (rapid)"]
[EventRounds "9"]
[EventCountry "ENG"]
[SourceTitle "CBM 198 Extra"]
[Source "ChessBase"]
[SourceDate "2020.11.30"]
[SourceVersion "1"]
[SourceVersionDate "2020.11.30"]
[SourceQuality "1"]

1. d4 Nf6 2. c4 g6 3. Nc3 Bg7 4. e4 d6 5. f3 0-0 6. Bg5 Na6 7. Qd2 c5 8. d5 e6 9. Nh3 Nc7 10. Nf2 a6 11. Be2 exd5 12. cxd5 b5 13. 0-0 b4 14. Na4 Nb5 15. Rac1 Qa5 16. b3 Nd7 17. Bh6 Nd4 18. Bxg7 Kxg7 19. Ng4 f5 20. exf5 Nxf5 21. Bd3 Qd8 22. Rfe1 Nf6 0-1